000 00547nam a2200145Ia 4500
008 170221s9999 xx 000 0 und d
100 _aHart O. Awa
245 _aMobile phone service recovery: Its reflection on post-complaint behaviour,
245 _cHart O. Awa, University of Port Harcourt; Ogwo E. Ogwo, Abia State University; Ojiabo Ukoha, University of Maryland.
260 _bJournal of Management and Marketing Research
260 _c2016
300 _a:
650 _xBusiness
856 _uhttp://www.aabri.com/manuscripts/131727.pdf
999 _c313446
_d313446